书目信息 |
| 题名: |
房地产金融
|
|
| 作者: | 洪艳蓉 著 | |
| 分册: | ||
| 出版信息: | 北京 北京大学出版社 2007.09 |
|
| 页数: | 379页 | |
| 开本: | 23cm | |
| 丛书名: | 房地产法理与实务丛书 | |
| 单 册: | ||
| 中图分类: | F830.72 | |
| 科图分类: | ||
| 主题词: | 房地产--fang di chan--金融学 | |
| 电子资源: | ||
| ISBN: | 978-7-301-10409-5 | |
| 000 | 01023nam 2200277 450 | |
| 001 | 012008162843 | |
| 005 | 20080524170114.70 | |
| 010 | @a978-7-301-10409-5@dCNY45.00 | |
| 100 | @a20080524d2007 em y0chiy0120 ea | |
| 101 | 0 | @achi |
| 102 | @aCN@b110000 | |
| 105 | @ay a 000yy | |
| 106 | @ar | |
| 200 | 1 | @a房地产金融@Afang di chan jin rong@d= Real estate finance@f洪艳蓉等著@Fhong yan rong deng zhu@zeng |
| 210 | @a北京@c北京大学出版社@d2007.09 | |
| 215 | @a379页@d23cm | |
| 225 | 2 | @a房地产法理与实务丛书@Afang di chan fa li yu shi wu cong shu |
| 320 | @a有书目 (第376-379页) | |
| 330 | @a本书介绍了房地产金融的理论与实务。包括房地产金融基本知识、抵押贷款的运作、个人住房贷款、房地产开发贷款、住房公积金、房地产保险、抵押贷款的二级市场等内容。 | |
| 410 | 0 | @12001 @a房地产法理与实务丛书 |
| 510 | 1 | @aReal estate finance@zeng |
| 606 | 0 | @a房地产@Afang di chan@x金融学 |
| 690 | @aF830.72@v4 | |
| 701 | 0 | @a洪艳蓉@Ahong yan rong@4著 |
| 801 | 0 | @aCN@bQSSK@c20080524 |
| 905 | @b713744-46@dF830.72@eH416@f3 | |
| 房地产金融= Real estate finance/洪艳蓉等著.-北京:北京大学出版社,2007.09 |
| 379页;23cm.-(房地产法理与实务丛书) |
| ISBN 978-7-301-10409-5:CNY45.00 |
| 本书介绍了房地产金融的理论与实务。包括房地产金融基本知识、抵押贷款的运作、个人住房贷款、房地产开发贷款、住房公积金、房地产保险、抵押贷款的二级市场等内容。 |
| ● |
| 相关链接 |
|
|
|
正题名:房地产金融
索取号:F830.72/H416
 
预约/预借
| 序号 | 登录号 | 条形码 | 馆藏地/架位号 | 状态 | 备注 |
| 1 | 713744 | 207137445 | 社科库409/409社科库 52排2列5层/ [索取号:F830.72/H416] | 在馆 | |
| 2 | 713745 | 207137454 | 社科库409/409社科库 52排2列5层/ [索取号:F830.72/H416] | 在馆 | |
| 3 | 713746 | 207137463 | 社科库409/409社科库 52排2列5层/ [索取号:F830.72/H416] | 在馆 |